000 00455nam a22001577a 4500
999 _c509716
_d509716
008 190522b ||||| |||| 00| 0 eng d
100 _aRuping, Xiao
_95891
245 _aInside the Asian cold war intrigues: revisiting the Taiwan strait crises
260 _c2018
300 _ap.2109-2136.
650 _aCold war
_95892
700 _aLin, Hsiao-Ting
_95893
773 _aModern Asian Studies
906 _aInternational relations
942 _2ddc
_cAR